Ese que llaman pueblo

Gorde:
Xehetasun bibliografikoak
Egile nagusia: Dobles, Fabián
Formatua: Liburua
Hizkuntza:Undetermined
Argitaratua: San José, Costa Rica Editorial Costa Rica 1984
Gaiak:
Etiketak: Etiketa erantsi
Etiketarik gabe, Izan zaitez lehena erregistro honi etiketa jartzen!

MARC

LEADER 00000nam a2200000Ia 4500
008 170316s9999 xx 000 0 und d
040 |a cru BVZT 
090 |a 868 D-9e 
100 |a Dobles, Fabián 
245 |a Ese que llaman pueblo 
260 |a San José, Costa Rica 
260 |b Editorial Costa Rica 
260 |c 1984 
300 |a 243 páginas 
650 |a LITERATURA COSTARRICENSE 
650 |a NOVELA 
942 |c 4 D 
999 |c 10974  |d 10974